La réponse est Bar... - Statistiques

Statistiques générales
  • Ce quiz a été pris 2 492 fois
    1 947 depuis la dernière actualisation
  • Le résultat moyen est 12 sur 18
Statistiques - réponses
Indice Réponse % Correct
Célèbre poupée blonde Barbie
98%
Ville où se situe la Sagrada Familia Barcelone
95%
Appareil de cuisson souvent abrégé dans les pays anglophones par BBQ Le barbecue
94%
Titre de noblesse inférieur à celui de vicomte mais supérieur à celui de chevalier Baron
92%
Instrument permettant de mesurer la pression atmosphérique Le baromètre
89%
Style architectural qui s'est développé du XVIème au XVIIIème siècle Baroque
86%
Chanteuse ayant interprété L'aigle noir Barbara
84%
Pays de naissance de la chanteuse Rihanna La Barbade
80%
Prénom du 44ème président des États-Unis Barack (Obama)
72%
Métier chanté par Soprano Barman
72%
Poisson carnivore des mers chaudes ou nom du personnage incarné par Mister T. dans L'agence tous risques Barracuda
72%
Famille de dessin animé très colorée Les Barbapapa
66%
Personnage de Charles Perrault ayant tué plusieurs femmes Barbe-Bleue
60%
Dans le judaïsme, c'est le statut de majorité religieuse qu'obtiennent les jeunes garçons de 13 ans La bar-mitzvah
54%
La préfecture de la Meuse Bar-le-duc
39%
Un des douze apôtres de Jésus-Christ Barthélémy
35%
Véritable identité du super-héros "Flash" (Prénom et Nom) Barry Allen
25%
Un des personnages principaux de la série How I met your mother (Prénom et Nom) Barney Stinson
22%
Aucun quiz correspondant
Distribution des résultats
% des personnes avec chaque résultat
Percentile par nombre de réponses
Votre historique - résultats
Vous n’avez pas pris ce quiz depuis la dernière actualisation